[Event "Nord Pas de Cal-chT"]
[Site "Lille"]
[Date "2004.??.??"]
[Round "1.18"]
[White "Pottier, Christophe"]
[Black "Rigot, Jean Luc"]
[Result "1/2-1/2"]
[WhiteElo "1499"]
[BlackElo "1810"]
[PlyCount "38"]
[EventDate "2004.04.??"]
[EventType "team-swiss"]
[EventRounds "7"]
[EventCountry "FRA"]
[SourceTitle "EXT 2005"]
[Source "ChessBase"]
[SourceDate "2004.11.15"]
[SourceVersion "1"]
[SourceVersionDate "2004.11.15"]
[SourceQuality "1"]

1. e3 d5 2. d4 Nf6 3. c4 e6 4. Nc3 Be7 5. Bd3 b6 6. cxd5 exd5 7. Nge2 0-0 8. 0-0 c5 9. b3 Bb7 10. f3 Re8 11. Re1 Nc6 12. dxc5 Bxc5 13. Nf4 Ne5 14. Bb5 Re7 15. Nd3 Nxd3 16. Bxd3 d4 17. Na4 Bb4 18. Bd2 Bxd2 19. Qxd2 dxe3 1/2-1/2